Glimpses of agricultural heritage of India / (Record no. 24897)

MARC details
000 -LEADER
fixed length control field 00913nam a22002177a 4500
008 - FIXED-LENGTH DATA ELEMENTS--GENERAL INFORMATION
fixed length control field 090305t xxu||||| |||| 00| 0 eng d
010 ## - LCCN (DPL NO)
LC control number ENG-93063
020 ## - INTERNATIONAL STANDARD BOOK NUMBER
Terms of availability 500.00
International Standard Book Number 8190396307
035 ## - SYSTEM CONTROL NUMBER
System control number EN-76596
037 ## - SOURCE OF ACQUISITION
Source of stock number/acquisition DBAD / PUB
040 ## - CATALOGING SOURCE
Original cataloging agency dpl
Language of cataloging English
082 ## - DEWEY DECIMAL CLASSIFICATION NUMBER
Classification number 630.954
245 ## - TITLE STATEMENT
Title Glimpses of agricultural heritage of India /
Statement of responsibility, etc edited by Y. L. Nene
260 ## - PUBLICATION, DISTRIBUTION, ETC. (IMPRINT)
Place of publication, distribution, etc Andhra Pradesh
Name of publisher, distributor, etc Asian Agri-History Foundation
Date of publication, distribution, etc 2007
270 ## - ADDRESS
Address 47 ICRISAT Colony-I, Brig. Sayeed Road,
City Secunderabad
Postal code 500009
300 ## - PHYSICAL DESCRIPTION
Extent x, 902p.:
Dimensions 28cm (Hb)
Other physical details b&w photos
650 ## - SUBJECT ADDED ENTRY--TOPICAL TERM
Topical term or geographic name as entry element Agriculture
Geographic subdivision India
General subdivision History.
700 ## - ADDED ENTRY--PERSONAL NAME
Personal name Nene, Y. L.
942 ## - ADDED ENTRY ELEMENTS (KOHA)
Source of classification or shelving scheme Dewey Decimal Classification
Item type English Books
Call number suffix GLI
Classification part 630.954
Holdings
Withdrawn status Lost status Source of classification or shelving scheme Damaged status Not for loan Collection code Home library Current library Date acquired Source of acquisition Cost, normal purchase price Total Checkouts Full call number Barcode Date last seen Copy number Cost, replacement price Koha item type
    Dewey Decimal Classification   Not For Loan Non-fiction D.B.Act.Division D.B.Act.Division 05/03/2009 DBAD / PUB 500.00   630.954 GLI EN-76596 05/03/2009 1 500.00 English Books

© Delhi Public Library
Hit Counter
free hit counter